|
|
|
|
| LEADER |
01927nam a2200505 i 4500 |
| 001 |
nkc20193121960 |
| 003 |
CZ PrNK |
| 005 |
20190910063932.0 |
| 007 |
ta |
| 008 |
190807s2019 xr f 000 0 cze |
| 015 |
|
|
|a cnb003121960
|
| 020 |
|
|
|a 978-80-87402-70-2
|q (brožováno)
|
| 035 |
|
|
|a (OCoLC)1119034363
|
| 040 |
|
|
|a OLA001
|b cze
|d ABA001
|e rda
|
| 041 |
0 |
|
|a cze
|b eng
|
| 043 |
|
|
|a e-xr---
|
| 072 |
|
7 |
|a 626/627
|x Vodní stavitelství. Vodní hospodářství
|2 Konspekt
|9 19
|
| 080 |
|
|
|a 626/628
|2 MRF
|
| 080 |
|
|
|a 502.171:628.11
|2 MRF
|
| 080 |
|
|
|a (437.3)
|2 MRF
|
| 080 |
|
|
|a (083.744)
|2 MRF
|
| 100 |
1 |
|
|a Beran, Adam
|7 ola20191046725
|4 aut
|
| 245 |
1 |
0 |
|a Metodika pro navrhování adaptačních opatření k eliminaci dopadů nedostatku vody :
|b certifikovaná metodika /
|c Adam Beran, Ladislav Kašpárek, Adam Vizina, Petr Vyskoč a kolektiv
|
| 264 |
|
1 |
|a Praha :
|b Výzkumný ústav vodohospodářský T.G. Masaryka, v.v.i.,
|c 2019
|
| 300 |
|
|
|a 27 stran ;
|c 21 cm
|
| 336 |
|
|
|a text
|b txt
|2 rdacontent
|
| 337 |
|
|
|a bez média
|b n
|2 rdamedia
|
| 338 |
|
|
|a svazek
|b nc
|2 rdacarrier
|
| 500 |
|
|
|a 200 výtisků
|
| 504 |
|
|
|a Obsahuje bibliografii a bibliografické odkazy
|
| 546 |
|
|
|a Anglické resumé
|
| 650 |
0 |
7 |
|a vodní hospodářství
|7 ph116602
|z Česko
|2 czenas
|
| 650 |
0 |
7 |
|a ochrana vodních zdrojů
|7 ph135417
|z Česko
|2 czenas
|
| 650 |
0 |
9 |
|a water management
|z Czechia
|2 eczenas
|
| 650 |
0 |
9 |
|a water-supply management
|z Czechia
|2 eczenas
|
| 655 |
|
7 |
|a certifikované metodiky
|7 fd806827
|2 czenas
|
| 655 |
|
9 |
|a certified methodology
|2 eczenas
|
| 700 |
1 |
|
|a Kašpárek, Ladislav,
|d 1943-
|7 ola2005262810
|4 aut
|
| 700 |
1 |
|
|a Vizina, Adam
|7 pna2010566373
|4 aut
|
| 700 |
1 |
|
|a Vyskoč, Petr
|7 ola2018986714
|4 aut
|
| 910 |
2 |
|
|a BOA001
|b 2-1432.310
|
| 990 |
|
|
|a BK
|
| 995 |
|
|
|a 01
|
| 991 |
|
|
|b 201909
|c NOV
|
| 996 |
6 |
|
|b 2610791578
|c 2-1432.310
|l MZK
|r Sklad / do 1 hodiny
|n 0
|p p.v.
|w 001748076
|u 000010
|a 1
|e BOA001
|j MZK50
|s P
|